| 000 | 00786nam a2200253Ia 4500 | ||
|---|---|---|---|
| 003 | GCL | ||
| 005 | 20240530110037.0 | ||
| 008 | 140319s9999 xx 000 0 ara d | ||
| 017 | _a88/4033 | ||
| 020 | _a9771330942 | ||
| 040 |
_aGCL / _cGCL |
||
| 082 | 0 | 4 |
_a953.0962 _bق/م ا |
| 100 | 1 | _aمحمود حامد الحسينى | |
| 245 | 1 | 0 |
_aالاسبلة العثمانية : _cمحمود حامد الحسينى _bبمدينة القاهرة 1517 - 1798م / |
| 260 |
_aالقاهرة : _bمكتبة مدبولى ، _c1988 |
||
| 300 |
_a575 ص ؛ _c30سم |
||
| 650 | 0 | 4 | _aمصر |
| 650 | 0 | 4 | _aتاريخ |
| 650 | 0 | 4 | _aالاثار الاسلامية |
| 650 | 0 | 4 | _aالمبانى التاريخية |
| 650 | 0 | 4 | _aاوقاف |
| 650 | 0 | 4 | _aالقاهرة |
| 942 |
_2ddc _cBK |
||
| 999 |
_c58177 _d58177 |
||